Vida de S. Ignacio de Loyola fundador de la Compañia de Jesus enriquecida con las copiosas solidas noticias de los Padres Jesuìtas de Amberès, ordenada nuevamente, y dividida en ocho libros / por el P. Francisco Xavièr Fluvià de la misma Compañía

Detalles Bibliográficos
Autor principal: Fluviá, Francisco Javier, S. J., 1699-1783
Formato: Libro
Lenguaje:Spanish
Publicado: Barcelona : por Pablo Nadal impressor, 1753.
Materias:
Colección:Banco de datos
Acervo:Monasterio de Santa Catalina de Siena de la Orden de Santo Domingo de Morelia. Michoacán
Descripción Física:2 t. ; 4°
Tema general:Hagiografía
Notas:Portada a dos tintas con monograma de la Sociedad de Jesús. Encuadernación en pergamino. Marca de fuego: Monasterio de Santa Catalina de Siena de Morelia, Michoacán. Ex libris manuscrito en la primera hoja: "del Novisiado de Sta Catalina de Sena de Valld". Sello en tinta de las Dominicas de Santa Catalina de Morelia. Daños en la encuadernación, humedad y polilla
LEADER 01256nam a22001810004500
035 |a 133 
041 0 |a spa 
100 1 |a Fluviá, Francisco Javier, S. J., 1699-1783 
245 1 0 |a Vida de S. Ignacio de Loyola fundador de la Compañia de Jesus enriquecida con las copiosas solidas noticias de los Padres Jesuìtas de Amberès, ordenada nuevamente, y dividida en ocho libros / por el P. Francisco Xavièr Fluvià de la misma Compañía 
260 |a Barcelona : por Pablo Nadal impressor, 1753. 
300 |a 2 t. ; 4° 
500 |a Portada a dos tintas con monograma de la Sociedad de Jesús. Encuadernación en pergamino. Marca de fuego: Monasterio de Santa Catalina de Siena de Morelia, Michoacán. Ex libris manuscrito en la primera hoja: "del Novisiado de Sta Catalina de Sena de Valld". Sello en tinta de las Dominicas de Santa Catalina de Morelia. Daños en la encuadernación, humedad y polilla 
600 1 4 |a Ignacio, de Loyola, santo, 1491-1556 - Biografías 
650 1 0 |a Hagiografía 
949 |a Monasterio de Santa Catalina de Siena y Santa Ana del Convento de Dominicas de Morelia, Michoacán: t. 2 (147) 
942 |c DOMMOR 
943 |g Monasterio de Santa Catalina de Siena de la Orden de Santo Domingo de Morelia. Michoacán 
999 |c 1104189  |d 1104189